| 000 | 00395nam a2200169Ia 4500 | ||
|---|---|---|---|
| 005 | 20250115040241.0 | ||
| 008 | 240331s9999 xx 000 0 und d | ||
| 082 |
_bGEN _24732 _a305.3 |
||
| 245 | 0 | _aGender and Transformation | |
| 260 |
_aMumbai _bVIKALP |
||
| 300 | _av, 210 p., | ||
| 650 | _aGender | ||
| 650 | _aWomen | ||
| 650 | _aTransformation | ||
| 700 |
_aMuricken, A _eedt |
||
| 942 | _cL | ||
| 999 |
_c1575 _d1575 |
||